| 000 | 00438 a2200133 4500 | ||
|---|---|---|---|
| 001 | ART_11049 | ||
| 005 | 20260410161732.0 | ||
| 008 | 260409a | ||
| 245 | 1 | 0 | _aEnfoques y herramientas para el control de la gestión financiera (conclusión) |
| 100 | 1 | _aChapto, Alejandro Miguel | |
| 700 | 1 | _aFerreira, Eitel | |
| 700 | 1 | _aFonseca, Walter | |
| 773 | 0 |
_tEjecutivos de finanzas _g- Año 5, Nº 36 (abr. 1987) _wREV2863 |
|
| 999 |
_c17972 _d17972 |
||